[Event "Barcelona Sant Marti op-A 23rd"]
[Site "Barcelona"]
[Date "2023.07.20"]
[Round "8"]
[White "Claramunt Bassegoda, Marcel"]
[Black "Guix Torres, David"]
[Result "1-0"]
[WhiteElo "2086"]
[BlackElo "1954"]
[PlyCount "149"]
[EventDate "2023.07.13"]
[EventType "swiss"]
[EventRounds "9"]
[EventCountry "ESP"]
[SourceTitle "CBM 215 Extra"]
[Source "ChessBase"]
[SourceDate "2023.09.30"]
[SourceVersion "1"]
[SourceVersionDate "2023.09.30"]
[SourceQuality "1"]

1. e4 e5 2. Nf3 Nc6 3. Bb5 a6 4. Ba4 Nf6 5. d3 b5 6. Bb3 Be7 7. 0-0 d6 8. a4 b4 9. a5 0-0 10. Nbd2 Nb8 11. c3 bxc3 12. bxc3 c5 13. Nc4 Nc6 14. Nb6 Rb8 15. Nxc8 Rxc8 16. Bg5 Nxa5 17. Bxf6 Bxf6 18. Bd5 Qc7 19. Qa4 Nc6 20. Qxa6 Ne7 21. Bb7 Rb8 22. Rfb1 Rfd8 23. c4 g6 24. Rb5 Kg7 25. h3 h6 26. Rab1 Rd7 27. Qa2 Rdd8 28. g3 Kf8 29. Kg2 Kg7 30. Ng1 g5 31. Ne2 Ng6 32. Nc3 Ne7 33. R1b3 Kf8 34. Qb1 Kg7 35. Nd5 Nxd5 36. Bxd5 Rxb5 37. Rxb5 Qe7 38. Qd1 Rd7 39. Qg4 Rc7 40. Rb8 Kg6 41. Qd1 Qd7 42. Rf8 Kg7 43. Rxf7+ Qxf7 44. Bxf7 Rxf7 45. Qa4 Be7 46. Qc6 Bf8 47. Qc8 Rf6 48. f3 Rf7 49. h4 gxh4 50. Qg4+ Kh7 51. Qxh4 Be7 52. Qh5 Kg7 53. Qg4+ Kh7 54. Kf2 Bg5 55. Qe6 Rf6 56. Qd7+ Kg6 57. Kg2 Be3 58. Kh3 Bg5 59. Qe8+ Kg7 60. Kg4 Rf7 61. Kh5 Kf6 62. Qg8 Rg7 63. Qf8+ Rf7 64. Qxd6+ Kg7 65. Qxe5+ Kf8 66. Qxc5+ Be7 67. Qc8+ Kg7 68. Kg4 Kf6 69. f4 Rf8 70. e5+ Kg7 71. Qd7 Kf7 72. f5 Rd8 73. Qc7 Rd4+ 74. Kf3 Rxd3+ 75. Ke4 1-0

[Event "Barcelona Sant Marti op-A 23rd"]
[Site "Barcelona"]
[Date "2023.07.17"]
[Round "5"]
[White "Claramunt Bassegoda, Marcel"]
[Black "Webb, Laurence"]
[Result "1/2-1/2"]
[WhiteElo "2086"]
[BlackElo "2171"]
[PlyCount "119"]
[EventDate "2023.07.13"]
[EventType "swiss"]
[EventRounds "9"]
[EventCountry "ESP"]
[SourceTitle "CBM 215 Extra"]
[Source "ChessBase"]
[SourceDate "2023.09.30"]
[SourceVersion "1"]
[SourceVersionDate "2023.09.30"]
[SourceQuality "1"]

1. e4 e5 2. Nf3 Nc6 3. Bb5 Nf6 4. d3 d6 5. c3 g6 6. 0-0 Bg7 7. d4 exd4 8. cxd4 0-0 9. d5 Nb8 10. Nc3 a6 11. Bd3 Bg4 12. h3 Bxf3 13. Qxf3 Nbd7 14. Qd1 Re8 15. Re1 Nc5 16. Bc2 b5 17. a3 a5 18. Nxb5 Nfxe4 19. Bxe4 Rxe4 20. Rxe4 Nxe4 21. Qc2 Nc5 22. Be3 Qd7 23. a4 Na6 24. Rc1 Rc8 25. Qc6 Qxc6 26. Rxc6 Nb4 27. Rxc7 Ra8 28. Rd7 Nxd5 29. Bd4 Bxd4 30. Nxd4 Nb6 31. Rxd6 Nxa4 32. b3 Nc3 33. Rc6 Rd8 34. Rxc3 Rxd4 35. Rc8+ Kg7 36. Rc5 Rd1+ 37. Kh2 Ra1 38. Rc6 Ra2 39. Kg1 Kf8 40. Ra6 Ke7 41. g4 Ra3 42. Kg2 h5 43. gxh5 gxh5 44. Rh6 Rxb3 45. Rxh5 a4 46. Ra5 a3 47. h4 Kf6 48. Ra6+ Kg7 49. h5 f6 50. h6+ Kxh6 51. Rxf6+ Kg5 52. Ra6 Kf4 53. Ra4+ Ke5 54. f4+ Kf5 55. Kf2 Rb2+ 56. Ke3 a2 57. Kd3 Rf2 58. Kc3 Rxf4 59. Rxf4+ Kxf4 60. Kb2 1/2-1/2

[Event "Catalunya-chT Gp2"]
[Site "Barcelona"]
[Date "2022.02.19"]
[Round "5.10"]
[White "Claramunt Bassegoda, Marcel"]
[Black "Munoz Palmerin, Juan Carlos"]
[Result "1/2-1/2"]
[WhiteElo "2035"]
[BlackElo "2075"]
[PlyCount "102"]
[EventDate "2022.01.22"]
[EventType "team-tourn"]
[EventRounds "9"]
[EventCountry "ESP"]
[SourceTitle "CBM 208 Extra"]
[Source "ChessBase"]
[SourceDate "2022.07.31"]
[SourceVersion "1"]
[SourceVersionDate "2022.07.31"]
[SourceQuality "1"]
[WhiteTeam "Colon Ateneu"]
[BlackTeam "Valls"]
[WhiteTeamCountry "ESP"]
[BlackTeamCountry "ESP"]

1. d4 Nf6 2. Nf3 c5 3. d5 e6 4. Nc3 exd5 5. Nxd5 Nxd5 6. Qxd5 Nc6 7. c3 d6 8. e4 Be6 9. Qd1 Be7 10. Bd3 0-0 11. 0-0 a6 12. Bc2 b5 13. Bf4 Qd7 14. Re1 f6 15. Bb3 c4 16. Bc2 Ne5 17. Nd4 Bg4 18. Qd2 Bd8 19. Nf5 Bc7 20. Qe3 Bxf5 21. exf5 Rab8 22. Qg3 d5 23. Rad1 Qf7 24. Qh3 Rbd8 25. Be3 Rfe8 26. Bd4 Re7 27. Bc5 Ree8 28. Bd4 Re7 29. Bc5 Ree8 30. Kf1 Nd7 31. Rxe8+ Rxe8 32. Be3 Bb6 33. Bxb6 Nxb6 34. Qf3 Re5 35. Rd4 Qe7 36. Qd1 Qc7 37. g3 Re7 38. Rd2 Qc5 39. Re2 Kf8 40. Rxe7 Qxe7 41. Qd4 Qd6 42. Be4 Ke7 43. Bf3 Kd7 44. Qh4 h6 45. Qg4 Qe7 46. Qd4 Qd6 47. Qg4 Qe7 48. Qd4 Qd6 49. Bh5 Ke7 50. Qe3+ Kd8 51. Qe8+ Kc7 1/2-1/2

[Event "Catalunya-chT Gp2"]
[Site "Barcelona"]
[Date "2022.01.29"]
[Round "2.9"]
[White "Claramunt Bassegoda, Marcel"]
[Black "Codina Garcia, Jose"]
[Result "1-0"]
[WhiteElo "2035"]
[BlackElo "1889"]
[PlyCount "69"]
[EventDate "2022.01.22"]
[EventType "team-tourn"]
[EventRounds "9"]
[EventCountry "ESP"]
[SourceTitle "CBM 206 Extra"]
[Source "ChessBase"]
[SourceDate "2022.03.31"]
[SourceVersion "1"]
[SourceVersionDate "2022.03.31"]
[SourceQuality "1"]
[WhiteTeam "Colon Ateneu"]
[BlackTeam "Lleida"]
[WhiteTeamCountry "ESP"]
[BlackTeamCountry "ESP"]

1. Nf3 Nf6 2. d4 d5 3. g3 e6 4. Bg2 Be7 5. 0-0 0-0 6. c4 c6 7. Qc2 b6 8. Nbd2 Bb7 9. e4 Nbd7 10. e5 Ne8 11. cxd5 cxd5 12. Nb1 Rc8 13. Qd1 Nc7 14. h4 Re8 15. Re1 Nf8 16. Bh3 h6 17. Nh2 f5 18. Nc3 Nh7 19. h5 Ng5 20. Bg2 Qd7 21. g4 Rf8 22. Ne2 Rf7 23. Nf4 fxg4 24. Qxg4 Rcf8 25. Ng6 Rxf2 26. Nxf8 Rxf8 27. Nf3 Rf5 28. Nh4 Rf7 29. Rf1 Rxf1+ 30. Bxf1 Ba6 31. Be3 Bxf1 32. Rxf1 Na6 33. Ng6 Nb4 34. Bxg5 hxg5 35. Qxg5 1-0

[Event "ESP-ch U18"]
[Site "Salobrena"]
[Date "2020.08.21"]
[Round "7"]
[White "Claramunt Bassegoda, Marcel"]
[Black "Moreno Alcaraz, Jose Javier"]
[Result "1/2-1/2"]
[WhiteElo "1982"]
[BlackElo "2067"]
[PlyCount "140"]
[EventDate "2020.08.17"]
[EventType "swiss"]
[EventRounds "9"]
[EventCountry "ESP"]
[SourceTitle "CBM 197 Extra"]
[Source "ChessBase"]
[SourceDate "2020.09.30"]
[SourceVersion "1"]
[SourceVersionDate "2020.09.30"]
[SourceQuality "1"]

1. d4 Nf6 2. Nf3 e6 3. g3 b5 4. a4 b4 5. Bg2 Bb7 6. 0-0 Be7 7. c4 0-0 8. Nbd2 c5 9. Nb3 Na6 10. Bf4 Rc8 11. Rc1 d6 12. d5 exd5 13. Nh4 Bc6 14. Nf5 Re8 15. Qd3 dxc4 16. Qxc4 Bxg2 17. Kxg2 Qb6 18. Qb5 d5 19. Bd6 Bxd6 20. Qxb6 axb6 21. Nxd6 Rcd8 22. Nxe8 Rxe8 23. e3 Nb8 24. Rfd1 Nbd7 25. Ra1 c4 26. Nd4 Nc5 27. a5 bxa5 28. Rxa5 Nd3 29. Rd2 b3 30. Kf1 Ne4 31. Rxd3 cxd3 32. Rxd5 Nd2+ 33. Ke1 Nc4 34. Nxb3 Nxb2 35. Nc5 g6 36. Nxd3 Nc4 37. Ke2 Ra8 38. h4 h5 39. Kf3 Ra6 40. Rd4 Rc6 41. Ke2 Kg7 42. e4 Rc7 43. e5 Nb6 44. Nf4 Re7 45. Re4 Nd7 46. Nd3 Re6 47. f4 Ra6 48. Rb4 Rc6 49. Rb7 Nf8 50. Nf2 Ne6 51. Ne4 Rc7 52. Rxc7 Nxc7 53. Kd3 Nd5 54. Kd4 Ne7 55. Kc5 Nf5 56. Kc6 Nd4+ 57. Kd7 Nf5 58. Ke8 Kg8 59. Nd6 Nh6 60. Ke7 Kg7 61. Nxf7 Nf5+ 62. Ke8 Nxg3 63. Nd6 Ne2 64. e6 Nxf4 65. e7 Nd5 66. Kd8 Nxe7 67. Kxe7 g5 68. hxg5 Kg6 69. Ne4 h4 70. Ke6 h3 1/2-1/2

[Event "ESP-ch U18"]
[Site "Salobrena"]
[Date "2020.08.21"]
[Round "8"]
[White "Martin Barcelo, Carles"]
[Black "Claramunt Bassegoda, Marcel"]
[Result "1-0"]
[WhiteElo "2231"]
[BlackElo "1982"]
[PlyCount "85"]
[EventDate "2020.08.17"]
[EventType "swiss"]
[EventRounds "9"]
[EventCountry "ESP"]
[SourceTitle "CBM 197 Extra"]
[Source "ChessBase"]
[SourceDate "2020.09.30"]
[SourceVersion "1"]
[SourceVersionDate "2020.09.30"]
[SourceQuality "1"]

1. e4 c6 2. d4 d5 3. exd5 cxd5 4. Bd3 Nc6 5. c3 Nf6 6. Bf4 Bg4 7. Qb3 Qd7 8. Nd2 e6 9. Ngf3 Bd6 10. Bxd6 Qxd6 11. 0-0 0-0 12. Rae1 Ne7 13. Ne5 Bf5 14. Bxf5 Nxf5 15. Qxb7 Rab8 16. Qxa7 Rxb2 17. Nb3 Qb8 18. Qa3 Rc2 19. Na1 Rd2 20. Nb3 Rc2 21. Rc1 Re2 22. Qa6 Rb2 23. Rb1 Rxb1 24. Rxb1 h6 25. a4 Qa8 26. Qxa8 Rxa8 27. Nc5 Nd6 28. f3 Kf8 29. Kf2 Ke8 30. a5 Nc4 31. Nxc4 dxc4 32. a6 Nd5 33. Rb7 Ne7 34. Rb4 Nd5 35. Rxc4 Ke7 36. Ke1 Ne3 37. Ra4 Nxg2+ 38. Kf2 Nf4 39. c4 g5 40. Rb4 e5 41. dxe5 Ng6 42. Rb7+ Kd8 43. a7 1-0

[Event "Sant Adria de Besos op 2nd"]
[Site "Sant Adria de Besos"]
[Date "2018.08.10"]
[Round "1"]
[White "Claramunt Bassegoda, Marcel"]
[Black "Vidarte Morales, Arturo"]
[Result "0-1"]
[WhiteElo "1965"]
[BlackElo "2380"]
[PlyCount "80"]
[EventDate "2018.08.10"]
[EventType "swiss"]
[EventRounds "9"]
[EventCountry "ESP"]
[SourceTitle "CBM 186 Extra"]
[Source "ChessBase"]
[SourceDate "2018.08.24"]
[SourceVersion "1"]
[SourceVersionDate "2018.08.24"]
[SourceQuality "1"]

1. d4 d6 2. e4 g6 3. Nc3 Bg7 4. f4 Nf6 5. Nf3 0-0 6. Be3 c6 7. Qd2 b5 8. Bd3 b4 9. Ne2 a5 10. c3 bxc3 11. Nxc3 Nbd7 12. 0-0 Ng4 13. e5 c5 14. Rae1 Rb8 15. Ne4 Nxe3 16. Qxe3 cxd4 17. Nxd4 Qb6 18. Nb5 Qxe3+ 19. Rxe3 dxe5 20. f5 Nf6 21. Nec3 e4 22. Bxe4 Nxe4 23. Rxe4 Bxf5 24. Re3 Bd7 25. a4 Bxb5 26. Nxb5 Rxb5 27. axb5 Bd4 28. Kf2 Rb8 29. Rd1 Bxe3+ 30. Kxe3 Rxb5 31. Rd2 h5 32. g3 Kg7 33. Kf3 e5 34. Kf2 h4 35. Kg2 hxg3 36. hxg3 g5 37. Kf2 Kf6 38. Kg2 Ke6 39. Kf2 f5 40. Kg2 e4 0-1

[Event "Barcelona Sant Marti op-A 20th"]
[Site "Barcelona"]
[Date "2018.07.21"]
[Round "9"]
[White "Anuj, Shrivatri"]
[Black "Claramunt Bassegoda, Marcel"]
[Result "1-0"]
[WhiteElo "2094"]
[BlackElo "1894"]
[PlyCount "132"]
[EventDate "2018.07.13"]
[EventType "swiss"]
[EventRounds "9"]
[EventCountry "ESP"]
[SourceTitle "CBM 185 Extra"]
[Source "ChessBase"]
[SourceDate "2018.07.29"]
[SourceVersion "1"]
[SourceVersionDate "2018.07.29"]
[SourceQuality "1"]

1. d4 Nf6 2. Nf3 d5 3. c4 e6 4. e3 b6 5. b3 Bd6 6. Bb2 0-0 7. Bd3 Bb7 8. 0-0 Nbd7 9. Nc3 a6 10. Rc1 dxc4 11. bxc4 c5 12. Qe2 Qc7 13. h3 Rad8 14. Rfd1 Rfe8 15. d5 exd5 16. Nxd5 Bxd5 17. cxd5 b5 18. Bb1 Ne5 19. Nh4 g6 20. f4 Ned7 21. Qf3 c4 22. Kh1 b4 23. Bd4 c3 24. g3 Nh5 25. Nf5 Bc5 26. d6 Bxd6 27. Nxd6 Qxd6 28. g4 Nhf6 29. Bxc3 Qe7 30. Bd4 Rc8 31. g5 Rxc1 32. Rxc1 Nh5 33. Rc7 Qe6 34. Kg2 a5 35. Qc6 Qxc6+ 36. Rxc6 Ng7 37. Rd6 Nb8 38. Be5 Rc8 39. Be4 Nf5 40. Bxf5 gxf5 41. Rd5 a4 42. Rb5 Nc6 43. Bd6 Rd8 44. Bxb4 Nxb4 45. Rxb4 Rd2+ 46. Kf3 Rxa2 47. Rb5 Rh2 48. Rxf5 Rxh3+ 49. Ke4 Rh2 50. Ra5 Ra2 51. Kf5 Kg7 52. Ra6 a3 53. e4 Rb2 54. Rxa3 Rb5+ 55. e5 Rb6 56. Rd3 Ra6 57. Rd6 Ra5 58. Kg4 Ra7 59. Kh4 Rb7 60. Kh5 Rb1 61. Rd7 Rb6 62. f5 Rb8 63. e6 Rf8 64. f6+ Kg8 65. e7 Re8 66. Rd8 h6 1-0

[Event "Barcelona Sant Marti op-A 20th"]
[Site "Barcelona"]
[Date "2018.07.19"]
[Round "7"]
[White "Singhai, Niklesh Jain"]
[Black "Claramunt Bassegoda, Marcel"]
[Result "0-1"]
[WhiteElo "1955"]
[BlackElo "1894"]
[PlyCount "66"]
[EventDate "2018.07.13"]
[EventType "swiss"]
[EventRounds "9"]
[EventCountry "ESP"]
[SourceTitle "CBM 185 Extra"]
[Source "ChessBase"]
[SourceDate "2018.07.29"]
[SourceVersion "1"]
[SourceVersionDate "2018.07.29"]
[SourceQuality "1"]

1. e4 e5 2. Nf3 Nc6 3. Bc4 Nf6 4. d3 Bc5 5. c3 0-0 6. b4 Bb6 7. a4 a6 8. Bg5 h6 9. Bh4 d6 10. Nbd2 g5 11. Bg3 Nh5 12. Qe2 Bg4 13. h3 Nxg3 14. fxg3 Be6 15. g4 Ne7 16. d4 exd4 17. Nxd4 Bxd4 18. cxd4 d5 19. Bd3 dxe4 20. Qxe4 Ng6 21. 0-0 Qd5 22. Nf3 Rad8 23. Rac1 c6 24. Rfe1 Qd6 25. Rc5 Bd5 26. Qe3 Bxf3 27. gxf3 Qxd4 28. Be4 Nf4 29. Qxd4 Rxd4 30. b5 Rxa4 31. bxc6 bxc6 32. Rxc6 Kg7 33. Rec1 Ne2+ 0-1

[Event "Foment Martinenc op-A 20th"]
[Site "Barcelona"]
[Date "2018.05.05"]
[Round "3"]
[White "Claramunt Bassegoda, Marcel"]
[Black "Nigalidze, Zviad"]
[Result "1-0"]
[WhiteElo "1852"]
[BlackElo "1971"]
[PlyCount "111"]
[EventDate "2018.04.21"]
[EventType "swiss"]
[EventRounds "9"]
[EventCountry "ESP"]
[SourceTitle "CBM 184 Extra"]
[Source "ChessBase"]
[SourceDate "2018.06.28"]
[SourceVersion "1"]
[SourceVersionDate "2018.06.28"]
[SourceQuality "1"]

1. d4 Nf6 2. Bf4 e6 3. e3 b6 4. Nf3 Bb7 5. Bd3 Nd5 6. Bg3 Nb4 7. Be2 Be4 8. Na3 Nd5 9. Nc4 Bb4+ 10. c3 Nxc3 11. bxc3 Bxc3+ 12. Ncd2 Bxa1 13. Nxe4 d5 14. Qxa1 dxe4 15. Nd2 0-0 16. Nxe4 f5 17. Nd2 g5 18. Be5 Nd7 19. Bf3 Nxe5 20. Bxa8 Qxa8 21. dxe5 Qxg2 22. Ke2 Qg4+ 23. Nf3 Qc4+ 24. Ke1 g4 25. Nd2 Qd5 26. Rg1 Rd8 27. Qb2 c5 28. e4 Qc6 29. Qb3 Kf8 30. Qe3 Rd7 31. Qh6+ Ke8 32. exf5 Rxd2 33. Qxd2 Qe4+ 34. Qe2 Qb1+ 35. Qd1 Qe4+ 36. Kf1 exf5 37. Rg3 c4 38. e6 Qh1+ 39. Rg1 Qc6 40. Qd7+ Qxd7 41. exd7+ Kxd7 42. Ke2 Ke6 43. Rb1 Ke5 44. Rb5+ Ke4 45. a4 h5 46. a5 h4 47. axb6 axb6 48. Rxb6 h3 49. Rb5 f4 50. Rg5 g3 51. hxg3 c3 52. gxf4 c2 53. Kd2 Kxf4 54. Rg3 h2 55. Rh3 c1Q+ 56. Kxc1 1-0

[Event "Barcelona Sant Marti op-A 19th"]
[Site "Barcelona"]
[Date "2017.07.20"]
[Round "8"]
[White "Singhai, Niklesh Jain"]
[Black "Claramunt Bassegoda, Marcel"]
[Result "1-0"]
[WhiteElo "1822"]
[BlackElo "1977"]
[PlyCount "69"]
[EventDate "2017.07.13"]
[EventType "swiss"]
[EventRounds "9"]
[EventCountry "ESP"]
[SourceTitle "EXT 2018"]
[Source "ChessBase"]
[SourceDate "2017.10.13"]
[SourceVersion "1"]
[SourceVersionDate "2017.10.13"]
[SourceQuality "1"]

1. Nf3 d5 2. g3 g6 3. Bg2 Bg7 4. d3 e5 5. Nbd2 Ne7 6. e4 d4 7. Nc4 Nbc6 8. a4 0-0 9. 0-0 Bg4 10. h3 Be6 11. b3 Qd7 12. Kh2 a5 13. Nh4 f5 14. exf5 Nxf5 15. Nxf5 gxf5 16. Qe2 Bd5 17. Ba3 Rfe8 18. Rae1 e4 19. Qh5 Nb4 20. Bxb4 axb4 21. Nd2 Bf7 22. Qg5 exd3 23. cxd3 c6 24. h4 Ra5 25. Bh3 Re6 26. Rxe6 Bxe6 27. Re1 Rc5 28. Ne4 fxe4 29. Bxe6+ Qxe6 30. Qxc5 Qxb3 31. Rxe4 Qf7 32. Rf4 Qg6 33. Qc4+ Kh8 34. Qxb4 Qxd3 35. Rf8+ 1-0

[Event "Barcelona Sant Marti op-A 19th"]
[Site "Barcelona"]
[Date "2017.07.13"]
[Round "1"]
[White "Claramunt Bassegoda, Marcel"]
[Black "Yao, Lan"]
[Result "0-1"]
[WhiteElo "1977"]
[BlackElo "2273"]
[PlyCount "80"]
[EventDate "2017.07.13"]
[EventType "swiss"]
[EventRounds "9"]
[EventCountry "ESP"]
[SourceTitle "EXT 2018"]
[Source "ChessBase"]
[SourceDate "2017.10.13"]
[SourceVersion "1"]
[SourceVersionDate "2017.10.13"]
[SourceQuality "1"]

1. e4 c5 2. Nc3 Nc6 3. f4 g6 4. Nf3 Bg7 5. Bc4 e6 6. 0-0 Nge7 7. d3 0-0 8. Qe1 d5 9. Bb3 b6 10. f5 dxe4 11. dxe4 exf5 12. Qh4 Ba6 13. Rd1 Qc8 14. Bh6 c4 15. Ba4 f6 16. e5 Nxe5 17. Nxe5 Qc5+ 18. Kh1 fxe5 19. Bg5 Rf7 20. Bd7 Bc8 21. Be8 Be6 22. Bxf7+ Kxf7 23. Bxe7 Qxe7 24. Qxe7+ Kxe7 25. Nb5 e4 26. Nc7 Rc8 27. Nxe6 Kxe6 28. c3 Bf6 29. Kg1 b5 30. Rac1 f4 31. Rc2 e3 32. Re2 g5 33. g3 Kf5 34. Kg2 Ke4 35. Rf1 Be5 36. g4 Rf8 37. Rf3 Rd8 38. Rf1 h5 39. h3 hxg4 40. hxg4 Rh8 0-1

[Event "Barcelona Paredes Memorial 19th"]
[Site "Barcelona"]
[Date "2017.06.03"]
[Round "7"]
[White "Claramunt Bassegoda, Marcel"]
[Black "Garcia Ramos, Daniel"]
[Result "1/2-1/2"]
[WhiteElo "1869"]
[BlackElo "2208"]
[PlyCount "95"]
[EventDate "2017.04.22"]
[EventType "swiss"]
[EventRounds "9"]
[EventCountry "ESP"]
[SourceTitle "EXT 2018"]
[Source "ChessBase"]
[SourceDate "2017.10.13"]
[SourceVersion "1"]
[SourceVersionDate "2017.10.13"]
[SourceQuality "1"]

1. e4 e5 2. Nf3 Nc6 3. Bb5 a6 4. Ba4 g6 5. 0-0 Bg7 6. c3 Nge7 7. d4 exd4 8. cxd4 b5 9. Bb3 0-0 10. Nc3 d6 11. h3 Bb7 12. Be3 Na5 13. d5 Nxb3 14. Qxb3 c5 15. dxc6 Nxc6 16. Rfd1 Rc8 17. Bg5 Qd7 18. Nd5 Qe6 19. Nb6 Rce8 20. Bf4 Qxe4 21. Bxd6 Nd4 22. Qd3 Qxd3 23. Rxd3 Nxf3+ 24. gxf3 Rd8 25. Rad1 Rfe8 26. b3 h5 27. Kg2 Re2 28. a4 bxa4 29. Nxa4 Rc2 30. Bf4 Rxd3 31. Rxd3 Bc6 32. Rd6 Bxa4 33. bxa4 Rc4 34. Bg5 Rxa4 35. Rd8+ Kh7 36. Rd7 Ra5 37. Bd2 Rf5 38. Ra7 Rf6 39. Bc3 Rc6 40. Bd2 f6 41. Bb4 Kh6 42. Bd2+ g5 43. f4 gxf4 44. Bxf4+ Kg6 45. Kg3 Bh6 46. Bxh6 Kxh6 47. f3 Kg6 48. h4 1/2-1/2

[Event "Barcelona Paredes Memorial 19th"]
[Site "Barcelona"]
[Date "2017.05.27"]
[Round "6"]
[White "Bernat Pascual, Magi"]
[Black "Claramunt Bassegoda, Marcel"]
[Result "0-1"]
[WhiteElo "1753"]
[BlackElo "1869"]
[PlyCount "46"]
[EventDate "2017.04.22"]
[EventType "swiss"]
[EventRounds "9"]
[EventCountry "ESP"]
[SourceTitle "EXT 2018"]
[Source "ChessBase"]
[SourceDate "2017.10.13"]
[SourceVersion "1"]
[SourceVersionDate "2017.10.13"]
[SourceQuality "1"]

1. d4 Nf6 2. c4 e5 3. dxe5 Ng4 4. Bf4 g5 5. Bg3 Bg7 6. Nf3 Nc6 7. e3 Ngxe5 8. Nxe5 Nxe5 9. Nc3 d6 10. Be2 Be6 11. 0-0 0-0 12. Bxe5 Bxe5 13. Qc2 f5 14. Bd3 Qf6 15. Rac1 Qh6 16. g3 f4 17. exf4 gxf4 18. Nd5 Bxd5 19. cxd5 Qh3 20. Rfe1 fxg3 21. hxg3 Bd4 22. Re2 Rf3 23. Bxh7+ Kh8 0-1

[Event "Foment Martinenc op-A 18th"]
[Site "Barcelona"]
[Date "2016.06.18"]
[Round "9"]
[White "Claramunt Bassegoda, Marcel"]
[Black "Ros Montes, Daniel"]
[Result "0-1"]
[WhiteElo "1502"]
[BlackElo "1833"]
[PlyCount "66"]
[EventDate "2016.04.23"]
[EventType "swiss"]
[EventRounds "9"]
[EventCountry "ESP"]
[SourceTitle "EXT 2017"]
[Source "ChessBase"]
[SourceDate "2016.10.25"]
[SourceVersion "1"]
[SourceVersionDate "2016.10.25"]
[SourceQuality "1"]

1. e4 e6 2. d4 d5 3. Nd2 Nf6 4. Bd3 c5 5. e5 Nfd7 6. c3 Nc6 7. Ne2 Qb6 8. Nf3 cxd4 9. cxd4 f6 10. exf6 Nxf6 11. 0-0 Bd6 12. Re1 0-0 13. b3 e5 14. dxe5 Nxe5 15. Nxe5 Bxe5 16. Be3 Qd6 17. Rc1 Bxh2+ 18. Kh1 Ng4 19. Rf1 Nxe3 20. fxe3 Bg4 21. Qd2 Qh6 22. Ng1 Bg3+ 23. Nh3 Bxh3 24. gxh3 Qxh3+ 25. Kg1 Bh2+ 26. Qxh2 Qxe3+ 27. Kh1 Qxd3 28. Rg1 Rf3 29. Rxg7+ Kxg7 30. Rg1+ Kf7 31. Qh5+ Ke6 32. Qg4+ Qf5 33. Re1+ Kf7 0-1